10 najpopularniejszych aplikacji randkowych w Polsce - Statystyki

Ogólne statystyki
  • Ten quiz został rozwiązany 210 razy
  • Średni wynik to 2 z 10
Statystyki odpowiedzi
# Aplikacja Pobrania % Poprawnych
2. Tinder 100 mln
98%
1. Badoo 100 mln
60%
6. Sympatia 1 mln
20%
5. Fotka 1 mln
9%
4. Bumble 50 mln
8%
3. Boo 5 mln
6%
10. UkraineDate 1 mln
2%
8. Evermatch 10 mln
1%
7. Only Spark 1 mln
1%
9. Sweet Meet 50 mln
1%
Nie znaleziono quizów pasujących do podanych kryteriów
Rozkład punktacji
Procent ludzi z każdym wynikiem
Percentyl według liczby udzielonych odpowiedzi
Twoja historia wyników
Nie rozwiązałeś tego quizu